[Event "53rd World U20 ch"]
[Site "Pune IND"]
[Date "2014.10.19"]
[Round "13.52"]
[White "Roshan, Rangarajan"]
[Black "Grahesh, Y."]
[Result "1-0"]
[WhiteElo "2088"]
[BlackElo "1919"]
[EventDate "2014.10.06"]
[PlyCount "69"]

1.e4 c5 2.Nf3 d6 3.Nc3 Nf6 4.g3 Nc6 5.Bg2 g6 6.d4 cxd4 7.Nxd4 Bd7 8.Nde2 
Bg7 9.O-O O-O 10.h3 Be6 11.Nd5 Rc8 12.Bg5 Bxd5 13.exd5 Ne5 14.Re1 Re8 15.
b3 b5 16.Nd4 a6 17.a4 b4 18.a5 Qc7 19.Be3 Rb8 20.Ra4 e6 21.f4 Ned7 22.dxe6
fxe6 23.Nc6 Rb5 24.Rxb4 Rxb4 25.Nxb4 Qxa5 26.Nc6 Qc7 27.Qd3 a5 28.Qb5 d5 
29.c4 dxc4 30.bxc4 Nh5 31.Bf2 e5 32.fxe5 Nxe5 33.Nxe5 Rxe5 34.Bd5+ Kh8 35.
Qe8+ 1-0

[Event "53rd World U20 ch"]
[Site "Pune IND"]
[Date "2014.10.19"]
[Round "13.53"]
[White "Nihal, Sarin"]
[Black "Doluweera, Minul Sanjula"]
[Result "0-1"]
[WhiteElo "2018"]
[BlackElo "1827"]
[EventDate "2014.10.06"]
[PlyCount "70"]

1.d4 Nf6 2.c4 e6 3.Nf3 d5 4.Bg5 c6 5.e3 Be7 6.Nc3 O-O 7.Qc2 Nbd7 8.Bd3 a6 
9.c5 b6 10.cxb6 Qxb6 11.Bxh7+ Nxh7 12.Bxe7 Re8 13.Bh4 e5 14.dxe5 Nxe5 15.
Nxe5 Rxe5 16.Bg3 Bf5 17.Qd2 Re7 18.O-O Nf6 19.Bh4 Re6 20.Bxf6 Rxf6 21.Ne2 
Bd7 22.Rac1 Re8 23.Rc3 Re4 24.Ng3 Rh4 25.Rfc1 Rfh6 26.Nf1 Qd8 27.f3 Qb8 
28.f4 Rg6 29.R3c2 Qb6 30.g3 Rxf4 31.Rc5 Rff6 32.b3 Bh3 33.Qd4 Rf5 34.R5c2 
Rgf6 35.Nd2 Qb5 0-1

[Event "53rd World U20 ch"]
[Site "Pune IND"]
[Date "2014.10.19"]
[Round "13.54"]
[White "Aradhya, Garg"]
[Black "Godbole, Atharva"]
[Result "1/2-1/2"]
[WhiteElo "2068"]
[BlackElo "2009"]
[EventDate "2014.10.06"]
[PlyCount "113"]

1.d4 Nf6 2.c4 e6 3.Nf3 b6 4.a3 Bb7 5.Nc3 d5 6.cxd5 Nxd5 7.Qc2 Be7 8.e4 
Nxc3 9.bxc3 O-O 10.Bd3 c5 11.O-O Nd7 12.Bf4 Qc8 13.Qe2 Re8 14.a4 c4 15.Bc2
Qc6 16.Rfd1 Bd6 17.e5 Be7 18.a5 Rac8 19.d5 exd5 20.Nd4 Qc5 21.Bf5 Rcd8 22.
e6 Nf6 23.exf7+ Kxf7 24.Ne6 Qc6 25.Ng5+ Kf8 26.Qe6 Qxe6 27.Nxe6+ Kf7 28.
axb6 g6 29.Nxd8+ Bxd8 30.bxa7 gxf5 31.a8=Q Bxa8 32.Rxa8 Ne4 33.Re1 Bb6 34.
Rxe8 Kxe8 35.Be3 Ba5 36.Bd4 Kd7 37.Re3 Kc6 38.f3 f4 39.Rxe4 dxe4 40.fxe4 
Kd6 41.Kf2 Ke6 42.Kf3 Bc7 43.Ke2 Ba5 44.Kf3 Bc7 45.Kg4 Bd6 46.Bf2 Be5 47.
Be1 Kf6 48.Kh5 Bd6 49.Kg4 Be5 50.Kf3 Ke6 51.Kf2 Kf6 52.Ke2 Ke7 53.Kd2 Ke6 
54.Bf2 Bf6 55.Bd4 Be5 56.Ke2 Bd6 57.Kf3 1/2-1/2

[Event "53rd World U20 ch"]
[Site "Pune IND"]
[Date "2014.10.19"]
[Round "13.55"]
[White "Raja, Harshit"]
[Black "Ronka, Erik"]
[Result "0-1"]
[WhiteElo "2000"]
[BlackElo "2183"]
[EventDate "2014.10.06"]
[PlyCount "100"]

1.e4 c6 2.d4 d5 3.exd5 cxd5 4.c4 Nf6 5.Nc3 g6 6.Qb3 Bg7 7.cxd5 O-O 8.Be2 
Na6 9.Bf3 Qb6 10.Qxb6 axb6 11.Nge2 Nb4 12.O-O Rd8 13.d6 Rxd6 14.Bf4 Rd7 
15.Rfd1 Nbd5 16.Bg3 Rd8 17.Rac1 Bh6 18.Nxd5 Nxd5 19.Ra1 Be6 20.Nc3 Rac8 
21.Na4 Rc6 22.b4 b5 23.Nc5 b6 24.Nxe6 Rxe6 25.a3 Rc6 26.Be4 f5 27.Bxd5+ 
Rxd5 28.Be5 Bg7 29.f4 Kf7 30.Rac1 Rc4 31.Rxc4 bxc4 32.Kf2 Bxe5 33.fxe5 b5 
34.Ke3 Ke6 35.Ra1 Rd8 36.a4 Ra8 37.a5 Kd5 38.a6 f4+ 39.Kxf4 Kxd4 40.Ra5 c3
41.Rxb5 Rc8 42.a7 c2 43.Rc5 Rxc5 44.a8=Q c1=Q+ 45.Kg4 h5+ 46.Kh3 Rc3+ 47.
g3 Qf1+ 48.Kh4 Qf5 49.Qa7+ Kd3 50.Qa6+ Rc4+ 0-1

[Event "53rd World U20 ch"]
[Site "Pune IND"]
[Date "2014.10.19"]
[Round "13.56"]
[White "Rakesh, Kumar Jena"]
[Black "Sai Agni Jeevitesh, J."]
[Result "1-0"]
[WhiteElo "2164"]
[BlackElo "2068"]
[EventDate "2014.10.06"]
[PlyCount "59"]

1.e4 d6 2.c4 Nf6 3.Nc3 e5 4.Nf3 Be7 5.d4 Nbd7 6.Be2 O-O 7.O-O c6 8.Bg5 Qc7
9.Qc2 b6 10.Rad1 Bb7 11.Rd2 Rfe8 12.Rfd1 Nf8 13.d5 c5 14.Nxe5 Nxe4 15.Nxe4
Bxg5 16.Nxg5 Rxe5 17.f4 Ree8 18.Bd3 h6 19.Nf3 Bc8 20.h3 Qd8 21.Qc3 g6 22.
Rf2 Bd7 23.Qd2 f5 24.b4 Nh7 25.g4 Nf6 26.gxf5 Bxf5 27.Rg2 Kf7 28.Qc2 Qe7 
29.Re1 Qd7 30.Ne5+ 1-0

[Event "53rd World U20 ch"]
[Site "Pune IND"]
[Date "2014.10.19"]
[Round "13.57"]
[White "Pastar, Slaven"]
[Black "Rakesh, Kumar Nayak"]
[Result "0-1"]
[WhiteElo "2159"]
[BlackElo "2057"]
[EventDate "2014.10.06"]
[PlyCount "116"]

1.g3 d5 2.Bg2 Nf6 3.Nf3 c5 4.O-O Nc6 5.d3 Bg4 6.Nbd2 e5 7.a4 Be7 8.Re1 O-O
9.e4 dxe4 10.Nxe4 Nxe4 11.Rxe4 f5 12.Rxg4 fxg4 13.Nd2 Qd7 14.Nc4 Bf6 15.c3
Kh8 16.Ne3 Rad8 17.Be4 Bg5 18.Nxg4 Bxc1 19.Rxc1 c4 20.Rc2 cxd3 21.Rd2 Qe6 
22.Ne3 Qf7 23.f3 Qe7 24.b4 Qg5 25.Nf1 a6 26.Rxd3 Rxd3 27.Qxd3 Rd8 28.Qc2 
g6 29.Kg2 Rd7 30.h4 Qd8 31.Qe2 Ne7 32.Bc2 Qc7 33.b5 Qxc3 34.bxa6 bxa6 35.
Be4 Rd6 36.Kh3 Nf5 37.Nh2 Ne3 38.Nf1 Nxf1 39.Qxf1 Kg7 40.Qb1 Qc8+ 41.g4 h5
42.Qb2 Rd4 43.Qb6 hxg4+ 44.Kg3 Qe8 45.fxg4 Qf7 46.Bf3 Rd2 47.Qe3 Qf4+ 48.
Qxf4 exf4+ 49.Kxf4 Rd4+ 50.Be4 Rxa4 51.h5 gxh5 52.gxh5 Kh6 53.Ke5 Kxh5 54.
Kd5 a5 55.Bd3 Rf4 56.Kc5 a4 57.Bc4 a3 58.Kb4 Rxc4+ 0-1

[Event "53rd World U20 ch"]
[Site "Pune IND"]
[Date "2014.10.19"]
[Round "13.58"]
[White "Abhijith, M."]
[Black "Arjun, Satheesh"]
[Result "1/2-1/2"]
[WhiteElo "2126"]
[BlackElo "2004"]
[EventDate "2014.10.06"]
[PlyCount "78"]

1.e4 c6 2.d4 d5 3.e5 Bf5 4.Nf3 e6 5.Be2 c5 6.Be3 Qb6 7.Nc3 Nc6 8.O-O Qxb2 
9.Qe1 c4 10.Rb1 Qxc2 11.Bd1 Qxb1 12.Nxb1 Bxb1 13.Ba4 Bd3 14.Qa5 Kd7 15.Rc1
Ne7 16.Ne1 Bg6 17.g4 Kc8 18.Qd2 a6 19.f4 b5 20.Bc2 Bxc2 21.Nxc2 a5 22.f5 
b4 23.Bg5 h6 24.Bh4 h5 25.Ne3 hxg4 26.Bxe7 Bxe7 27.f6 gxf6 28.exf6 Bf8 29.
Nxc4 dxc4 30.Rxc4 Kd7 31.Rxc6 Bd6 32.Rxd6+ Kxd6 33.Qg5 Rhc8 34.Qe5+ Kc6 
35.Qc5+ Kb7 36.Qb5+ Kc7 37.Qc5+ Kb7 38.Qb5+ Kc7 39.Qc5+ Kb7 1/2-1/2

[Event "53rd World U20 ch"]
[Site "Pune IND"]
[Date "2014.10.19"]
[Round "13.59"]
[White "Horton, Jamie"]
[Black "Stamos, Filippos"]
[Result "1/2-1/2"]
[WhiteElo "2064"]
[BlackElo "2076"]
[EventDate "2014.10.06"]
[PlyCount "71"]

1.e4 c5 2.Nf3 d6 3.d4 cxd4 4.Qxd4 Nc6 5.Bb5 Bd7 6.Bxc6 Bxc6 7.Nc3 e5 8.Qd3
h6 9.O-O Nf6 10.Be3 Be7 11.Rad1 O-O 12.Bc1 a6 13.Rfe1 b5 14.a3 Qc7 15.Nh4 
Bd7 16.g3 Qb7 17.Ng2 Bc6 18.f3 a5 19.Ne3 b4 20.axb4 axb4 21.Ncd5 Nxd5 22.
Nxd5 Bxd5 23.exd5 Rfc8 24.Be3 Qa6 25.Qxa6 Rxa6 26.Re2 Ra2 27.Rb1 f5 28.Kf1
Bf6 29.Bd2 Rc4 30.Be1 e4 31.fxe4 fxe4 32.c3 bxc3 33.bxc3 Ra5 34.Rb4 Rac5 
35.Rxe4 Rxb4 36.Rxb4 1/2-1/2

[Event "53rd World U20 ch"]
[Site "Pune IND"]
[Date "2014.10.19"]
[Round "13.60"]
[White "Taalaibekov, Tagir"]
[Black "Deepthamsh, Reddy M."]
[Result "0-1"]
[WhiteElo "1948"]
[BlackElo "2071"]
[EventDate "2014.10.06"]
[PlyCount "82"]

1.d4 d5 2.c4 c6 3.Nf3 Nf6 4.e3 Bf5 5.Nc3 e6 6.Nh4 Bg6 7.Nxg6 hxg6 8.Bd3 
Nbd7 9.O-O Qc7 10.f4 Be7 11.Bd2 O-O 12.cxd5 exd5 13.Qf3 Rad8 14.h4 c5 15.
Rac1 Qd6 16.f5 cxd4 17.exd4 gxf5 18.Qxf5 g6 19.Qf3 Ne4 20.Bf4 Qb6 21.Nxd5 
Qxd4+ 22.Be3 Qxd5 23.Bxe4 Qe6 24.Bh6 Ne5 25.Qf4 Rfe8 26.Rc3 Rd4 27.Qe3 Qb6
28.Bf3 Bc5 29.Rxc5 Qxc5 30.b4 Qb6 31.Bd1 Rxb4 32.Qxb6 Rxb6 33.Ba4 Rc8 34.
Re1 Re6 35.Rd1 a6 36.Bb3 Nc4 37.Rd7 b5 38.a4 bxa4 39.Bxa4 Nb6 40.Rd4 Nxa4 
41.Rxa4 Rc2 0-1

[Event "53rd World U20 ch"]
[Site "Pune IND"]
[Date "2014.10.19"]
[Round "13.61"]
[White "Vandewiele, Emiel"]
[Black "Yashas, D."]
[Result "0-1"]
[WhiteElo "1882"]
[BlackElo "2159"]
[EventDate "2014.10.06"]
[PlyCount "144"]

1.e4 d5 2.exd5 Nf6 3.d4 Bg4 4.Nf3 Nxd5 5.Be2 e6 6.O-O Be7 7.Nc3 Nb6 8.Ne4 
O-O 9.h3 Bh5 10.Ng3 Bg6 11.Ne5 N8d7 12.Nxg6 hxg6 13.Bf3 c6 14.Re1 Qc7 15.
b3 Rad8 16.Bb2 Nf6 17.Qe2 Bd6 18.Ne4 Nxe4 19.Qxe4 Be7 20.Rad1 Bf6 21.c4 
Rd7 22.Bc1 Rfd8 23.Bf4 Qc8 24.Be5 Bxe5 25.dxe5 Rxd1 26.Rxd1 Rxd1+ 27.Bxd1 
Qd7 28.Be2 Qd2 29.Kh2 Nd7 30.f4 g5 31.Kg3 gxf4+ 32.Kf3 g6 33.a3 Nc5 34.
Qxf4 Qxf4+ 35.Kxf4 Nxb3 36.h4 Nd4 37.Bd1 Nf5 38.h5 gxh5 39.Bxh5 Kg7 40.a4 
Nd4 41.Bd1 b6 42.c5 Nf5 43.Bf3 Ne7 44.Ke4 Kg6 45.Be2 Kg5 46.Bf3 Kg6 47.Bd1
Kg7 48.Be2 Kf8 49.Bd1 Ke8 50.Bh5 Ng6 51.Be2 Kd7 52.g3 Kc7 53.Bf1 Kb7 54.
Be2 a6 55.Kd4 b5 56.axb5 cxb5 57.Bf3+ Kc7 58.Be2 Kd7 59.Bf1 Ne7 60.g4 Nc6+
61.Ke4 Na5 62.g5 Nb3 63.Be2 Nxc5+ 64.Kd4 Na4 65.Bh5 Ke7 66.Bf3 b4 67.Bd1 
Nc3 68.Bb3 a5 69.Bc2 a4 70.Kc4 a3 71.Kb3 Ne2 72.Bb1 Nc1+ 0-1

[Event "53rd World U20 ch"]
[Site "Pune IND"]
[Date "2014.10.19"]
[Round "13.62"]
[White "Nader, Mohamed"]
[Black "Ajay Krishna, S"]
[Result "1-0"]
[WhiteElo "2098"]
[BlackElo "2072"]
[EventDate "2014.10.06"]
[PlyCount "71"]

1.d4 Nf6 2.Nf3 c5 3.e3 b6 4.Bd3 Bb7 5.Nbd2 e6 6.O-O Nc6 7.c3 Be7 8.e4 cxd4
9.cxd4 Nb4 10.Bb1 Ba6 11.Re1 Nd3 12.Bxd3 Bxd3 13.d5 Bc5 14.b4 Bxb4 15.Qb3 
Bxd2 16.Nxd2 Ba6 17.Ba3 Ng8 18.Qa4 Qc8 19.Qb4 Qc5 20.Qb3 Qd4 21.Qg3 Ne7 
22.Nf3 Qf6 23.Rac1 Rd8 24.Rc7 Nc8 25.e5 Qg6 26.Qh4 d6 27.Qa4+ b5 28.Qxa6 
O-O 29.exd6 exd5 30.Qxb5 Nxd6 31.Qxd5 a6 32.Bxd6 Rxd6 33.Qc5 Rf6 34.Rc8 
Rd6 35.Rxf8+ Kxf8 36.Qc8+ 1-0

[Event "53rd World U20 ch"]
[Site "Pune IND"]
[Date "2014.10.19"]
[Round "13.64"]
[White "Rahul Srivatshav, P."]
[Black "Reddy, Ananta"]
[Result "1-0"]
[WhiteElo "2061"]
[BlackElo "1420"]
[EventDate "2014.10.06"]
[PlyCount "79"]

1.d4 d5 2.Bf4 Nf6 3.e3 c5 4.c3 Qb6 5.Qb3 c4 6.Qc2 Bf5 7.Qxf5 Nc6 8.Qc2 e6 
9.Nd2 Be7 10.e4 Rd8 11.Ngf3 Qa5 12.a3 b5 13.Rd1 Qb6 14.exd5 exd5 15.Be2 
O-O 16.O-O a5 17.b3 Rfe8 18.bxc4 bxc4 19.Ne5 Bd6 20.Ndxc4 dxc4 21.Nxc4 Qb8
22.Nxd6 Rxd6 23.Bf3 Qd8 24.Bxd6 Qxd6 25.Qa4 Nd8 26.Rfe1 Rf8 27.Qxa5 Ne6 
28.Rb1 Nd8 29.d5 Nd7 30.Qb4 Qf6 31.c4 Ne5 32.Qc3 Nxf3+ 33.Qxf3 Qd6 34.Rb5 
f6 35.c5 Qa6 36.Qb3 Nf7 37.d6 Qc6 38.h3 h6 39.Re7 Qa6 40.Rbb7 1-0

[Event "53rd World U20 ch"]
[Site "Pune IND"]
[Date "2014.10.19"]
[Round "13.65"]
[White "Saim, Mohamed Ilias"]
[Black "Raivath, Mallela"]
[Result "1-0"]
[WhiteElo "2040"]
[BlackElo "1070"]
[EventDate "2014.10.06"]
[PlyCount "53"]

1.e4 c5 2.Nf3 e6 3.d3 Nc6 4.Nbd2 Nge7 5.g3 g6 6.Bg2 Bg7 7.O-O O-O 8.c3 a6 
9.Nh4 Qc7 10.f4 d5 11.g4 dxe4 12.dxe4 Rd8 13.Qe2 f5 14.Nc4 b5 15.Ne3 Bf6 
16.Qf2 fxe4 17.Bxe4 Bb7 18.f5 exf5 19.gxf5 Ne5 20.Bxb7 Qxb7 21.fxg6 Bxh4 
22.Qxh4 N7xg6 23.Qh3 Nd3 24.Qe6+ Kh8 25.Nf5 Nxc1 26.Qf6+ Kg8 27.Nh6# 1-0